A sociology of Educating; (Record no. 3677)

MARC details
000 -LEADER
fixed length control field 00546nam a22002057a 4500
003 - CONTROL NUMBER IDENTIFIER
control field OSt
005 - DATE AND TIME OF LATEST TRANSACTION
control field 20160421133453.0
008 - FIXED-LENGTH DATA ELEMENTS--GENERAL INFORMATION
fixed length control field 160421b xxu||||| |||| 00| 0 eng d
020 ## - INTERNATIONAL STANDARD BOOK NUMBER
International Standard Book Number 082645204.
040 ## - CATALOGING SOURCE
Transcribing agency DDC.
082 ## - DEWEY DECIMAL CLASSIFICATION NUMBER
Classification number 301MEI 1994.
100 ## - MAIN ENTRY--PERSONAL NAME
Personal name Meighan,Roland;Siraj-Blatchford,Iram;
9 (RLIN) 8168
245 ## - TITLE STATEMENT
Title A sociology of Educating;
250 ## - EDITION STATEMENT
Edition statement 3rd ed
260 ## - PUBLICATION, DISTRIBUTION, ETC. (IMPRINT)
Place of publication, distribution, etc. New York.
Name of publisher, distributor, etc. Continuum.
Date of publication, distribution, etc. 1994.
300 ## - PHYSICAL DESCRIPTION
Extent x,432p;
Other physical details ill:
Dimensions 25cm.
504 ## - BIBLIOGRAPHY, ETC. NOTE
Bibliography, etc References and index are included.
650 ## - SUBJECT ADDED ENTRY--TOPICAL TERM
Topical term or geographic name as entry element Education.
9 (RLIN) 1404
942 ## - ADDED ENTRY ELEMENTS (KOHA)
Source of classification or shelving scheme Dewey Decimal Classification
Koha item type Short Loan
Holdings
Withdrawn status Lost status Source of classification or shelving scheme Damaged status Not for loan Home library Current library Date acquired Source of acquisition Inventory number Total Checkouts Full call number Barcode Date last seen Price effective from Koha item type
    Dewey Decimal Classification     MUST Main Library MUST Main Library 21/04/2016   2001/15994   301MEI 1994. 2016-1125 21/04/2016 21/04/2016 Short Loan
    Dewey Decimal Classification     MUST Main Library MUST Main Library 22/04/2016   2001/15995   301MEI 1994. 2016-1200 22/04/2016 22/04/2016 Short Loan